• 首页
  • 本馆介绍
  • 公告通知
  • 最新文献
  • 馆藏检索
  • 电子资源
  • 读者导购
  • 参考咨询
  • 我的图书馆
  • 登录
  • 详细信息显示
  • 放入我的书架
  • 预约/预借图书
  • 作者相关作品
  • 分类相关作品
  • 丛书相关作品
  • 出版社相关作品

书目信息

  • 表格格式
  • 工作单格式
  • 卡片格式
题名:
国际教育
    
 
作者: ;东北师范大学国际与比较教育研究所 , 东北师范大学国际与比较教育研究所 编著
分册:  
出版信息: 长春   吉林人民出版社  2005
页数: 380页
开本: 20cm
丛书名:
单 册:
中图分类: G510
科图分类:
主题词: 教育政策--研究报告--世界 , 教育政策 , 研究报告
电子资源:
ISBN: 7-206-03211-7
000 01272nam0 2200301 45
001 0120050101608
005 20070106145329.26
010    @a7-206-03211-7@dCNY30.00
092    @aCN@b471228
100    @a20051016d2005 em y0chiy0120 ea
101 0  @achi
102    @aCN@b220000
105    @ak z 000yy
200 1  @a国际教育@9guo ji jiao yu@e世纪之交的回顾与展望@f东北师范大学国际与比较教育研究所编著@Fdong bei shi fan da xue guo ji yu bi jiao jiao yu yan jiu suo bian zhu
205    @a2版
210    @a长春@c吉林人民出版社@d2005
215    @a380页@d20cm
330    @a本书主要内容:默默耕耘 开拓创新,中国的日本教育研究,摇摆的钟表,反思与变革:近三十年美国大学教育思想发展的主调等。
510 1  @aInternational education@eretrospect and prospect at the turn of the century@zeng
517 1  @a世纪之交的回顾与展望@9shi ji zhi jiao de hui gu yu zhan wang
606 0  @a教育政策@x研究报告@y世界
606 0  @a教育政策
606 0  @a研究报告
690    @aG510@v4
711 02 @a东北师范大学国际与比较教育研究所@9dong bei shi fan da xue guo ji yu bi jiao jiao yu yan jiu suo@4编著
711  0 @a东北师范大学国际与比较教育研究所@Adong bei shi fan da xue guo ji yu bi jiao jiao yu yan jiu suo@4编著
801  0 @aCN@bLZJBOOK@c20070106
905    @a10447@dG510@e55=2
    
    国际教育:世纪之交的回顾与展望/东北师范大学国际与比较教育研究所编著.-2版.-长春:吉林人民出版社,2005
    380页;20cm
    
    
    ISBN 7-206-03211-7:CNY30.00
    本书主要内容:默默耕耘 开拓创新,中国的日本教育研究,摇摆的钟表,反思与变革:近三十年美国大学教育思想发展的主调等。
●
相关链接 在E读中查询图书 在五车中查询图书 在当当中查询图书 在豆瓣中查询图书


正题名:国际教育     索取号:G510/55=2         预约/预借

序号 登录号 条形码 馆藏地/架位号 状态 备注
1 0559101   205591019   第一样本阅览室/ [索取号:G510/55=2] 在馆    
2 0559102   205591028   第四借阅区/ [索取号:G510/55=2] 在馆    
3 0559103   205591037   密集书库/ [索取号:G510/55=2] 在馆    
4 0559104   205591046   密集书库/ [索取号:G510/55=2] 在馆    
5 0559105   205591055   第四借阅区/ [索取号:G510/55=2] 在馆    
6 0559106   205591064   第四借阅区/ [索取号:G510/55=2] 在馆    
7 0559107   205591073   密集书库/ [索取号:G510/55=2] 在馆    
8 0559108   205591082   密集书库/ [索取号:G510/55=2] 在馆    
唐山师范学院图书馆 欢迎您!
大连网信软件有限公司© 版权所有